Chaos Soviet-American perspectives on nonlinear science
Αποθηκεύτηκε σε:
| Συλλογικό Έργο: | , |
|---|---|
| Άλλοι συγγραφείς: | |
| Μορφή: | Πρακτικό Συνεδρίου Βιβλίο |
| Γλώσσα: | English |
| Δημοσίευση: |
New York :
American Institute of Physics,
c1990.
|
| Θέματα: | |
| Ετικέτες: |
Προσθήκη ετικέτας
Δεν υπάρχουν, Καταχωρήστε ετικέτα πρώτοι!
|
MARC
| LEADER | 00000cam a2200000 i 4500 | ||
|---|---|---|---|
| 001 | 1/55164 | ||
| 008 | 941103s1990 nyu ||| | eng|| | ||
| 020 | |a 0883187779 | ||
| 020 | |a 0883187787 | ||
| 035 | |l 10045210 | ||
| 035 | |a 1993 |c ΦΛΕΣΣΑΣ | ||
| 040 | |a GR-MyUA |b gre |e AACR2 | ||
| 041 | 0 | |a eng | |
| 082 | 0 | |a 515.352 |2 (20) | |
| 245 | 0 | 0 | |a Chaos/xaoc : |b Soviet-American perspectives on nonlinear science / |c edited by David K. Campbell. |
| 260 | |a New York : |b American Institute of Physics, |c c1990. | ||
| 300 | |a xvi, 496 σ. : |b εικ. ; |c 25 εκ. | ||
| 500 | |a "This volume derives from a Soviet-American Conference on Chaos, held in Woods Hole, Massachusetts, July 1989"--Foreword | ||
| 504 | |a Περιέχει βιβλιογραφικές αναφορές και ευρετήριο. | ||
| 650 | 0 | 0 | |a Chaotic behavior in systems. |
| 650 | 0 | 0 | |a Mathematical physics. |
| 700 | 1 | |a Campbell, David K. |e edt | |
| 710 | 2 | |a American Institute of Physics. | |
| 711 | 2 | |a Soviet-American Conference on Chaos |d (1989 : |c Woods Hole, Mass.) | |
| 852 | |a INST |b SAMOS |e 19941103 |h 515.352 CHA |p 005300004766 |q 005300004766 |t BK |y 0 | ||